000 01057nam a22003377a 4500
001 0037008
003 KOHA_MİRAKIL
005 20260207003024.0
007 ta
008 120430b2012 tu a|||gr||||#||||0|tur |
020 _a9786055365189
_c16,10
040 _aTR-BiSEU
_btur
_cTR-BiSEU
_erda
041 0 _atur
044 _ctu
050 _aGT2918
_b.O97 2012
100 1 _aÖzkeser, Nurgül Üveysuna.
245 1 _aKahvenin serüveni: yeşil çekirdekten fincana /
_cNurgül Üveysuna Özkeser ; Nurgül Üveysuna Özkeser; edt. Fatma Zehra Bayrak.
264 1 _aİstanbul :
_bHayat Yayınları
_c2012
300 _a144 sayfa :
_bres.
336 _ametin
_btxt
_2rdacontent
337 _aaracısız
_bn
_2rdamedia
338 _acilt
_bnc
_2rdacarrier
490 1 _aHayat Yayınları ;
_v387.
490 1 _aKültür Sanat ;
_v1.
505 _a
650 0 _aCoffee--History.
_915147
650 0 _aCoffeehouses--History.
_915148
830 1 _aHayat Yayınları ;
_v387.
_98616
830 1 _aKültür Sanat ;
_v1.
_969951
942 _2lcc
_cBK
999 _c36885
_d36885